BIBLIOTECA

SENCICO

Dibujo y proyecto (Registro nro. 2391)

Detalles MARC
000 -LEADER
fixed length control field 00728nam a2200205Ia 4500
005 - DATE AND TIME OF LATEST TRANSACTION
control field 20251020182541.0
008 - FIXED-LENGTH DATA ELEMENTS--GENERAL INFORMATION
fixed length control field 200515s9999 xx 000 0 und d
082 ## - DEWEY DECIMAL CLASSIFICATION NUMBER
Classification number 741.02/CH56
100 ## - MAIN ENTRY--PERSONAL NAME
Personal name CHING, Francis D. K.JUROSZEK, Stevens P.
245 #0 - TITLE STATEMENT
Title Dibujo y proyecto
260 ## - PUBLICATION, DISTRIBUTION, ETC.
Place of publication, distribution, etc. México, D.F.
260 ## - PUBLICATION, DISTRIBUTION, ETC.
Date of publication, distribution, etc. 1998
300 ## - PHYSICAL DESCRIPTION
Extent 345
500 ## - GENERAL NOTE
General note 1 ejemplar
520 ## - SUMMARY, ETC.
Summary, etc. Ilustrado con mas de 1.500 dibujos a mano alzada, trata de los principios tradicionales básicos de la expresión gráfica, desde la línea a la forma, la sombra y el espacio. A su vez, trata también de los más frecuentes sistemas de representación: el sistem
650 ## - SUBJECT ADDED ENTRY--TOPICAL TERM
Topical term or geographic name entry element DIBUJO
650 ## - SUBJECT ADDED ENTRY--TOPICAL TERM
Topical term or geographic name entry element LIB
650 ## - SUBJECT ADDED ENTRY--TOPICAL TERM
Topical term or geographic name entry element SISTEMAS GRAFICOS
942 ## - ADDED ENTRY ELEMENTS (KOHA)
Koha item type Libros
Existencias
Fecha de la última vez que lo usaron Pago total Signatura topográfica completa Código de barras Precio efectivo desde Tipo de documento Estado perdido Estado dañado No es para préstamo Retirado Ubicación permanente Ubicación actual Fecha de adquisición
15/05/2020   741.02/CH56 Bib-Lima15052391 15/05/2020 Libros         Biblioteca Central Lima Biblioteca Central Lima 15/05/2020